000 01110nam a22001817a 4500
020 _a966-638-102-8
041 _aeng
080 _a81
090 _bАРТ
100 _aАртемчук Г.І.
245 _aНауковий Вісник Кафедри ЮНЕСКО Київського національного лінгвістичного університету. Мова, освіта, культура: наукові парадигми і сучасний світ. Серія філологія, педагогіка, психологія. Випуск 6.
260 _aКиїв
_bВидавничий центр КНЛУ
_c2002
300 _a541
440 _v6
520 _aПредставлено збірник наукових статей науковців Київського національного лінгвістичного університету та дослідників з України з філології, педагогіки, психології.
_0філологія, педагогіка, психологія
650 _aLanguage Studies
999 _c281665
_d281665
942 _cBK